Les fabricants-exportateurs des pays de la couronne Hongroise (Record no. 53553)

MARC details
000 -LEADER
campo de control de longitud fija 00815nam a22001935i 4500
001 - NÚMERO DE CONTROL
campo de control 53553
003 - IDENTIFICADOR DE NÚMERO DE CONTROL
campo de control ES-MaACL
005 - FECHA Y HORA DE LA ÚLTIMA TRANSACCIÓN
campo de control 20230906162804.0
007 - CAMPO FIJO DE DESCRIPCIÓN FÍSICA--INFORMACIÓN GENERAL
campo de control de longitud fija t|
008 - DATOS DE LONGITUD FIJA--INFORMACIÓN GENERAL
campo de control de longitud fija 960628s1898 hu ||||1| fre d
040 ## - FUENTE DE CATALOGACIÓN
Centro catalogador/agencia de origen CAM
Lengua de catalogación spa
Centro/agencia transcriptor CAM
245 04 - MENCIÓN DEL TÍTULO
Título Les fabricants-exportateurs des pays de la couronne Hongroise
Resto del título : annexe, exportateurs de produits du sol.
250 ## - MENCION DE EDICION
Mención de edición Nouvelle édition augmentée.
260 ## - PUBLICACIÓN, DISTRIBUCIÓN, ETC.
Lugar de publicación, distribución, etc. Budapest :
Nombre del editor, distribuidor, etc. publié sur l'ordre de M. le Ministre royal hongrois du Commerce par le Musée Commercial Hongrois,
Fecha de publicación, distribución, etc. 1898 (
Fabricante Nyomatott Márkus Samunál)
300 ## - DESCRIPCIÓN FÍSICA
Extensión [2], CLXVIII, 312 p. ;
Dimensiones 23 cm.
505 8# - NOTA DE CONTENIDO CON FORMATO
Nota de contenido con formato Contiene tablas de materiales en húngaro, croata, alemán, inglés, italiano, rumano, servio y bulgaro
651 #4 - PUNTO DE ACCESO ADICIONAL DE MATERIA--NOMBRE GEOGRÁFICO
Nombre geográfico Hungría-
Subdivisión general Comercio exterior.
9 (RLIN) 155867
852 ## - LOCALIZACIÓN
Ubicación ES-MaACL
Número de control de estantería F-13517
Holdings
Estatus retirado Estado de pérdida Estado de daño No para préstamo Colección Biblioteca de origen Biblioteca actual Ubicación en estantería Fecha de adquisición Fuente de adquisición Total de préstamos Signatura topográfica completa Código de barras Visto por última vez Precio de reemplazo Tipo de ítem Koha
        Libros del s. XIX Biblioteca del Ateneo de Madrid Biblioteca del Ateneo de Madrid Sala Pecera Planta 2 17/01/2008     F-13517 1056274 23/02/2023 23/02/2023 Libro impreso antiguo